00659nam a22002177a 450000500170000001000130001702000180003003500130004808200110006110000190007224500880009125000120017926000440019127000600023530000360029550000200033165000230035165000230037470000190039770000250041620181025125004.0 aB-710644 a9788131719251 aB-710644 a658.16 aJohnson, Gerry aExploring corporate strategy:cby Gerry Johnson [and] Kevan ScholesbText & Cases / a7th ed. aNew DelhibPrintice-Hall of Indiac1998 a11 Community Centre, Panchsheel ParkbNew Delhie110017 axxxvi, 1033p.c26cm (pbk)bill. aIncludes index  a Business planning aStrategic planning aScholes, Kevan aWhittington, Richard